000 00657nam a2200229Ia 4500
003 OSt
005 20220923220631.0
006 a|||||r|||| 00| 0
007 ta
008 220922b |||||||| |||| 00| 0 hin d
024 _a188,127
037 _cTextual
040 _aARTS
_cARTS
_bhin
041 _2hin
_ahin
082 _aV298:25wM9, 152J6
100 _aसांकृत्यायन, राहुल
245 0 _aसिंहल के वीर
246 _aSianhal ke vīra
260 _c1956
942 _hV298:25wM9, 152J6
_cTEXL
_2CC
999 _c341203
_d341203